Filozofia a prírodné vedy Filozofické otázky prírodných vied. Slovník

Enregistré dans:
Détails bibliographiques
Format: Livre
Langue:slovaque
Publié: Bratislava Pravda 1987
Édition:1. vyd.
Tags: Ajouter un tag
Pas de tags, Soyez le premier à ajouter un tag!

MARC

LEADER 00000nam a2200000 4500
001 c024227
005 20250505115920.1
041 0 |a slo 
044 |a SK 
245 1 0 |a Filozofia a prírodné vedy  |b Filozofické otázky prírodných vied. Slovník  |c [Z nem. prel. F. Brunner] 
250 |a 1. vyd. 
264 1 |a Bratislava  |b Pravda  |c 1987 
300 |a 863 s.